Del espíritu a tiempo : lecturas de el ser y el tiempo de Heidegger.

Detalles Bibliográficos
Autor principal: Peñalver, Patricio
Formato: Libro
Lenguaje:inglés
Publicado: Barcelona, España Anthropos 1989
Edición:1a.ed.
Colección:Autores, textos y temas Filosofía 19
Materias:
Acceso en línea:

MARC

LEADER 00000cam a2200000 a 4500
001 002626
003 UAHC_CL
005 20170803115845.0
008 020701b xx j 000 1 eng
020 |a 8476581297 
040 |a UAHC_CL  |c UAHC_CL  |d UAHC_CL 
100 1 |a Peñalver, Patricio 
245 1 0 |a Del espíritu a tiempo : lecturas de el ser y el tiempo de Heidegger. 
250 |a 1a.ed. 
260 |b Anthropos  |c 1989  |a Barcelona, España 
300 |a 271 p. 
490 0 |a Autores, textos y temas Filosofía  |v 19 
650 4 |a FILOSOFIA 
900 |a 193.09 PEN 
942 |c BK 
952 |0 0  |1 0  |4 0  |6 193_090000000000000_PEN  |7 0  |8 General  |9 5893  |a BC  |b BC  |c General  |d 2017-08-03  |l 0  |o 193.09 PEN  |p 1326139  |r 2026-01-07 00:00:00  |t 1  |w 2017-08-03  |y BK 
952 |0 0  |1 0  |4 0  |6 193_090000000000000_PEN  |7 0  |8 General  |9 5894  |a BC  |b BC  |c General  |d 2017-08-03  |l 0  |o 193.09 PEN  |p 1326140  |r 2026-01-07 00:00:00  |t 2  |w 2017-08-03  |y BK 
999 |c 2626  |d 2626